=LDR 00000nam 2200000 4500 =001 INLIS000000000005084 =005 20130612093336 =008 ***********************************Ind** =035 ##$$0010-061300000005084 =041 ##$$a Ind =082 ##$$a 649.64 =090 ##$$a 649.64, Twi m =100 ##$$a TWIFORD, J. Racner =245 ##$$a Mengendalikan perilaku anak, J. Rainer Twiford =260 ##$$a 1988 $b Jakarta =300 ##$$a vii, 143 hlm, 21 cm =650 ##$$a Anak =650 ##$$a Mengasuh =850 ##$$a NBPNMAT